Fr. Conceicao Rodrigues College of Engineering

Interior Decorating book (Record no. 27378)

MARC details
000 -LEADER
fixed length control field 00299nam a2200133Ia 4500
082 ## - DEWEY DECIMAL CLASSIFICATION NUMBER
Classification number 747
100 ## - MAIN ENTRY--PERSONAL NAME
Personal name JASON/ A.
245 ## - TITLE STATEMENT
Title Interior Decorating book
260 ## - PUBLICATION, DISTRIBUTION, ETC.
Name of publisher, distributor, etc. Maymore Pub
Place of publication, distribution, etc. New York
Date of publication, distribution, etc. 1981
546 ## - LANGUAGE NOTE
Language note ENGLISH
650 ## - SUBJECT ADDED ENTRY--TOPICAL TERM
Topical term or geographic name entry element Electrical Engineering
654 ## - SUBJECT ADDED ENTRY--FACETED TOPICAL TERMS
Focus term Interior book
942 ## - ADDED ENTRY ELEMENTS (KOHA)
Koha item type BOOK
Holdings
Withdrawn status Lost status Damaged status Not for loan Collection Home library Current library Shelving location Date acquired Total Checkouts Full call number Barcode Date last seen Price effective from Koha item type
        AFT Fr. Agnel's C.Rodrigues College of Engineering Fr. Agnel's C.Rodrigues College of Engineering   17/03/2023   747 AFT3495 17/03/2023 17/03/2023 BOOK